Možnosti uplatnenia ekodizajnu v automobilovom priemysle
Automobilový priemysel v Európskej únii a na Slovensku. Hodnotenie životného cyklu v automobilovom priemysle. Zásady ekodizajnu v automobilovom priemysle. Výroba šetrná k životnému prostrediu, ekologický dizajn produktov a procesov.
Saved in:
| Main Author: | |
|---|---|
| Format: | Book Chapter |
| Language: | Slovak |
| Subjects: | |
| Tags: |
No Tags, Be the first to tag this record!
|
MARC
| LEADER | 00000naa$a2200000$$$4500 | ||
|---|---|---|---|
| 001 | 0281044 | ||
| 005 | 20240502074351.3 | ||
| 041 | 0 | |a slo | |
| 044 | |a SK | ||
| 245 | 1 | 0 | |a Možnosti uplatnenia ekodizajnu v automobilovom priemysle |c Ivan Hlavatý |
| 520 | |a Automobilový priemysel v Európskej únii a na Slovensku. Hodnotenie životného cyklu v automobilovom priemysle. Zásady ekodizajnu v automobilovom priemysle. Výroba šetrná k životnému prostrediu, ekologický dizajn produktov a procesov. | ||
| 610 | 2 | 0 | |a priemysel automobilový |
| 610 | 2 | 0 | |a dizajn |
| 610 | 2 | 0 | |a ekológia |
| 610 | 2 | 0 | |a prostredie životné |
| 610 | 2 | 0 | |a cyklus výrobku životný |
| 610 | 2 | 0 | |a Slovensko |
| 610 | 2 | 0 | |a Európska únia |
| 100 | 1 | |a Hlavatý, Ivan, 1978- | |